| 000 | 01277nam a2200337Ia 4500 | ||
|---|---|---|---|
| 001 | ebr10152568 | ||
| 003 | CaPaEBR | ||
| 006 | m u | ||
| 007 | cr cn||||||||| | ||
| 008 | 040907s2005 cau sb 001 0 eng d | ||
| 015 |
_aGBA501104 _2bnb |
||
| 020 | _z0782144039 (pbk.) : | ||
| 040 |
_aCaPaEBR _cCaPaEBR |
||
| 035 | _a(OCoLC)57653653 | ||
| 050 | 1 | 4 |
_aTR860 _b.D63 2005eb |
| 082 | 0 | 4 |
_a776.6 _222 |
| 100 | 1 | _aDobbert, Tim. | |
| 245 | 1 | 0 |
_aMatchmoving _h[electronic resource] : _bthe invisible art of camera tracking / _cTim Dobbert. |
| 260 |
_aSan Francisco, Calif. ; _aLondon : _bSYBEX, _cc2005. |
||
| 300 | _axiii, 304 p. | ||
| 504 | _aIncludes bibliographical references and index. | ||
| 533 |
_aElectronic reproduction. _bPalo Alto, Calif. : _cebrary, _d2009. _nAvailable via World Wide Web. _nAccess may be limited to ebrary affiliated libraries. |
||
| 650 | 0 | _aCinematography. | |
| 650 | 0 |
_aImage processing _xDigital techniques. |
|
| 650 | 0 |
_aMotion pictures _xEditing. |
|
| 650 | 0 | _aAnimation (Cinematography) | |
| 650 | 0 | _aComputer animation. | |
| 655 | 7 |
_aElectronic books. _2local |
|
| 710 | 2 | _aebrary, Inc. | |
| 856 | 4 | 0 |
_uhttp://site.ebrary.com/lib/rucke/Doc?id=10152568 _zAn electronic book accessible through the World Wide Web; click to view |
| 999 |
_c95574 _d95574 |
||